Регионална библиотека "Любен Каравелов" - Русе

Les preuves du transformisme (Запис номер 134584)

MARC детайли
000 -Лидер
Контролно поле с фиксирана дължина nam a22 a 4500
003 - Код на организацията, давaща контролен номер
Контролно поле BLK
005 - Дата и час на последна редакция
Контролно поле 20201020155823.0
008 - Елементи от данни с фиксирана дължина
fixed length control field 180409b bul|||||r ||||||| ||bul||
010 ## - Наследен системен номер
LC control number KNG00140498000
040 ## - Източник на каталожния запис
Идентификатор на билиотеката - собственик на записа BLK
041 ## - Код за език
Код за езика на текст/звукозапис или на отделно заглавие Френски
Код за езика КДБФ Френски
072 #7 - Код за тематичната категория
Код организация bullib
Код за тематична категория Ц
Текст Редки и ценни
080 ## - УДК
Текстов определител УДК Еволюционно учение. Дарвинизъм. Видообразуване. Филогенез - Борба за съществуване, изолация, адаптация, отбор и др. Биомакромолекули, молекулярна еволюция, клетки и субклетъчни структури, тъ
УДК код - определител по УДК 575.8
УДК - код + определител 575.8
080 ## - УДК
Текстов определител УДК Еволюционизъм
УДК код - определител по УДК 141.155
УДК - код + определител 141.155
100 1# - Редна дума - Автор
Автор Haeckel, Ernest
Авторска отговорност първи автор
R(LIN) 324461
139 ## - Редно поле
Редна дума Haeckel, Ernst
Авторски знак Hae - H 13
245 10 - Сведения за заглавието
Заглавие Les preuves du transformisme
Подзаглавни данни Reponse a Virchow
Редно поле (дума) Ernest Haeckel; прев. от нем. и предг. Jules Soury.
257 ## - Страна на издаване
Страна на създаване/издаване Франция
260 ## - Област на издателските данни
Място на издаване, разпространение и проч. Paris
Име на издателя, разпространителя и проч. Libr. Germer Bailliere
Година на издаване 1879
300 ## - Физическа характеристика
Страници XXXVI, 155 c.
Размери/Мащаб 18 см
380 ## - Жанр
Жанр Естествени науки. Математика
490 ## - СЕРИИ (Колекции)
9 (RLIN) 435080
Име на серия Колекция Редки и ценни издания
650 #4 - Допълнително описание по предмет – тема
Основно описание – тема или топоним Еволюционни учения
9 (RLIN) 154114
650 #4 - Допълнително описание по предмет – тема
Основно описание – тема или топоним Еволюция [биол.] - философски проблеми
9 (RLIN) 324462
653 ## - Ключова дума – ненормативна
Ключова дума еволюция
653 ## - Ключова дума – ненормативна
Ключова дума еволюционизъм
659 ## - Тематичен бюлетин
Тематичен бюлетин Ц
700 1# - Други автори (авторска отговорност)
Лично име Soury, Jules
Автороска отговорност (Описва отношението между автора и произведението) прев. от нем. и предг.
9 (RLIN) 24828
852 ## - Местоположение
Форматна сигнатура Рф 879
Фондова буква Редки и ценни
856 4# - Електронен адрес и достъп
Електронен формат pdf - файл
856 4# - Електронен адрес и достъп
Електронен формат pdf - файл
999 ## - СИСТЕМНИ КОНТРОЛНИ НОМЕРА
Koha biblionumber 134584
Koha biblioitemnumber 134584
942 ## - АРТИКУЛИ
Вид на библиотечния материал Книги
Скрит в OPAC Не
Периодичен библиозапис Да
944 ## - СЪЗДАВАНЕ И РЕДАКЦИЯ на ЗАПИСА
Създаване/Редакция Създаване
Дата на регистрацията/редакция 08.03.2013
Служител, извършил регистрацията/редакцията Наталия_Медовщикова
944 ## - СЪЗДАВАНЕ И РЕДАКЦИЯ на ЗАПИСА
Създаване/Редакция Редакция
Дата на регистрацията/редакция 08.03.2013
999 ## - СИСТЕМНИ КОНТРОЛНИ НОМЕРА
Koha biblioitemnumber 134584
Наличности
Код за отписване Код за изгубен артикул Източник на класификационната схема Код за повреда Коз за рестрикции Код за отдаване Артикулен № Име на библиотеката - собственик Име на библиотеката, в която се намира в момента Статус (Текущо местоположение) Дата на вписване в системата Местоположение - отдел Цена в лева Инвентарен номер Систематично азбучна сигнатура Баркод Номер на екземпляра Цена в евро Служебна бележка Служебен тип на артикула
  Не е изгубен Universal Decimal Classification Не е повреден само за читалня Специални фондове ( старопечатни, редки и ценни, фонд М. Арнаудов) 219911 Регионална библиотека "Любен Каравелов" Русе Регионална библиотека "Любен Каравелов" Русе Редки и ценни 1879-01-01 Редки и ценни 0.38 15020 Рф 879 900000036637 1 0.19 Дост: DA Вид: А N: стар фонд Дата: 01.01.1879 Дата инв: 14.12.2016 Бележки инв: Рц2016 Книги
Vip Innovations Ltd, Rousse, Bulgaria 2025